Doctrines of the great educators (Record no. 1671)
[ view plain ]
| 000 -LEADER | |
|---|---|
| fixed length control field | 00474cam a2200181ua 4500 |
| 008 - FIXED-LENGTH DATA ELEMENTS--GENERAL INFORMATION | |
| fixed length control field | 110811n ii |||gr||||Z||||||eng |
| 040 ## - CATALOGING SOURCE | |
| Transcribing agency | MAIN |
| 082 ## - DEWEY DECIMAL CLASSIFICATION NUMBER | |
| Classification number | 370.092 |
| 100 ## - MAIN ENTRY--PERSONAL NAME | |
| Personal name | Rusk, Robert R., |
| Relator term | |
| 245 1# - TITLE STATEMENT | |
| Title | Doctrines of the great educators |
| Statement of responsibility, etc. | by Robert R. Rusk |
| 250 ## - EDITION STATEMENT | |
| Edition statement | 4th. |
| 260 ## - PUBLICATION, DISTRIBUTION, ETC. | |
| Place of publication, distribution, etc. | Bombay: |
| Name of publisher, distributor, etc. | Macmillan and co ltd.,969. |
| 300 ## - PHYSICAL DESCRIPTION | |
| Extent | vii; 353p:9cm. |
| 942 ## - ADDED ENTRY ELEMENTS (KOHA) | |
| Koha item type | Books |
| 653 ## - INDEX TERM--UNCONTROLLED | |
| Uncontrolled term | Education |
| 653 ## - INDEX TERM--UNCONTROLLED | |
| Uncontrolled term | Doctrines of the great educators |
| Withdrawn status | Lost status | Damaged status | Not for loan | Home library | Current library | Shelving location | Date acquired | Total Checkouts | Full call number | Barcode | Date last seen | Copy number | Price effective from | Koha item type |
|---|---|---|---|---|---|---|---|---|---|---|---|---|---|---|
| Naharkatiya College Library | Naharkatiya College Library | General Stacks | 19/09/2020 | 370.092 | RUS | 11056 | 19/09/2020 | 2 | 19/09/2020 | Books | |||||
| Naharkatiya College Library | Naharkatiya College Library | General Stacks | 19/09/2020 | 370.092 | RUS | 11057 | 19/09/2020 | 1 | 19/09/2020 | Books |
